000 01431naa a22003257a 4500
001 BR9605886
003 BR-BrBNA
005 20240918181543.0
007 ta
008 230509b bl.||||| |||| 00| 0 por d
040 _aBR-BrBNA
_bpor
_cBiblioteca Nacional de Agricultura
041 _a(Pt)
072 _aP31; U40
090 _aP31 BR9605886
100 1 _aBaccaro, C.A.D.
100 1 _aRosa, R.
100 1 _aLima, S. do C.
100 1 _aSiqueira, C.A. de
100 1 _aPereira, K.G. de O.
111 1 _a8. Simposio sobre o Cerrado
_cBrasilia, DF (Brazil)
_d24-29 Mar 1996
245 1 _aOs condicionantes morfologicos da organizacao da paisagem natural e agraria dos cerrados: o caso da bacia do Rio Araguari
260 3 _aPlanaltina, DF (Brasil):
_c1996.
500 _aPereira, R.C.; Nasser, L.C.B.(eds.) 8. Simposio Sobre o Cerrado. Anais. Biodiversidade e producao sustentavel de alimentos e fibras nos cerrados Planaltina, DF (Brasil): 1996. p. 179-181 (BR9605886-AM)P31
650 _aGeomorfologia
650 _aUso da Terra
650 _aCerrado
773 0 _t8. Simposio Sobre o Cerrado. Anais. Biodiversidade e producao sustentavel de alimentos e fibras nos cerrados
_aPereira, R.C.; Nasser, L.C.B.(eds.). Centro de Pesquisa Agropecuaria dos Cerrados, Planaltina, DF (Brasil)
_wP31 BR9605886
_gPlanaltina, DF (Brasil), 1996. p. 179-181
909 _a202404
_bLucia
_c55
_dLucia Elande
942 _cAM
_2AGRIS
999 _c325793
_d325793